000 00898nam a2200241 i 4500
001 184469
003 ES-MaACL
005 20230906222215.0
008 150904s1923 sp |||| | spa d
080 _a821.134.2-293.2"19"
100 1 _aPaso, Antonio.
_989421
245 1 0 _aBenamor
_b: opereta en tres actos, inspirada en una leyenda persa /
_coriginal de Antonio Paso y R. González del Toro.
260 _aMadrid :
_bPrensa Popular,
_c[1923]
300 _a[32] p. ;
_c20 cm.
490 1 _aLa novela teatral, Año VIII ;
_v357 - Madrid, 23 sept. 1923
597 _aP. sin numerar.
599 _aEn cub.: caricatura de Mercedes Nieto, por Tovar.
700 1 _aGonzález del Toro, Ricardo.
_958588
700 0 _aTovar
_c, ilustrador.
_9157378
830 0 _aLa novela teatral, Año VIII ;
_v357 - Madrid, 23 sept. 1923
_9225077
852 _aES-MaACL
_j2332-F-16
999 _c184469
_d184469